000 00388nam a22001457a 4500
003 OSt
005 20160727222354.0
008 160622b xxu||||| |||| 00| 0 eng d
040 _cG.I Joe Operation Poison Dart
100 _9465
_aStine, M., et al
245 _aG.I Joe Operation Poison Dart
260 _aN.V Random House
_c1987
300 _aG.I Joe Operation Poison Dart
942 _2ddc
_cBK
999 _c387
_d387